| 000 | 00880nam a22002297i 4500 | ||
|---|---|---|---|
| 999 |
_c22789 _d22789 |
||
| 003 | AR-CdUCM | ||
| 008 | 240307b20092009pe ||||| |||| 00| 0 spa d | ||
| 040 |
_aMUNICIPALIDAD PROVINCIAL DEL CUSCO _cBIBLIOTECA MUNICIPAL DEL CUSCO |
||
| 082 |
_aC371.9144 / C514 _bC514 |
||
| 100 |
_aChafloque Millones, José Walter _948921 |
||
| 245 | _aProblemas de Aprendizaje : Dislexia y Discalculia / | ||
| 260 |
_aSicuani-Cusco : _bGráficos Soto, _c2009 |
||
| 300 |
_a47 páginas. : _c21 cm. |
||
| 505 | _aProblemas de aprendizaje -- La dislexia y la discalculia -- Área de matemáticas -- Causas de la discalculia -- Rol del maestro. | ||
| 650 |
_aAprendizaje _92143 |
||
| 650 |
_aDislexia _939011 |
||
| 650 |
_aDiscalculia _949455 |
||
| 650 |
_aTipos de dislexia _949456 |
||
| 650 |
_aDefinición y causas de la dislexia _949460 |
||
| 942 |
_2ddc _cLIBROS |
||
| 945 |
_apbj _d07-03-24 |
||